000 00706nam a22002415a 4500
005 20201128021512.0
008 150817s2014 ii a fr 001 0 eng d
020 _a9350145340
020 _a9789350145340
040 _aEG-ScBUE
_beng
_cEG-ScBUE
082 0 4 _222
_a004.165
_bSHA
100 1 _aSharma, Rishabh.
_938876
245 1 0 _aMobile computing /
_cby Rishabh Sharma, Sanjay Kumar.
250 _a1st ed.
260 _aNew Delhi :
_bS. K. Kataria & Sons,
_c2014.
300 _a320 p. :
_bill. ;
_c24 cm.
500 _aIndex : p. 316-320.
650 7 _2BUEsh
_aMobile computing.
_9835
651 _2BUEsh
653 _bCOMSCI
_cAugust2015
_cDecember2015
700 1 _aKumar, Sanjay.
942 _2ddc
999 _c20554
_d20526